| 000 | 00898nam a2200229Ii 4500 | ||
|---|---|---|---|
| 003 | JO-AjNU | ||
| 008 | 230605s9999||||xx |||||||||||||| ||und|| | ||
| 017 | _a2007/5/1347 | ||
| 020 | _a978-9957-11-704-7 | ||
| 040 |
_aJO-AjNU _bara _erda _cJO-AjNU |
||
| 041 | _aara | ||
| 050 | 1 | 4 | _aHD30.25.B3422.2008 |
| 100 | 3 |
_aاليلداوي،عبدالحميد عبدالمجيد/نجم عبدالله الحميدي, _eauthor _929294 |
|
| 245 | 0 | 0 | _aالاساليب الكمية التطبيقية في ادارة الاعمال:التآلف العلمي الثلاثي الادارة .بحوث العمليات.الاحصاء |
| 250 | _aط1 | ||
| 264 | 3 | 1 | _aعمان:دار وائل للنشر والتوزيع،2008 |
| 300 | _a261ص | ||
| 336 |
_atext _btxt _2rdacontent |
||
| 337 |
_aunmediated _bn _2rdamedia |
||
| 338 |
_avolume _bnc _2rdacarrier |
||
| 650 | 4 |
_aادارة الاعمال _929295 |
|
| 999 |
_aA11469 _c15037 _d15037 |
||